|
|
|
|
| LEADER |
01370nam a2200361 a 4500 |
| 001 |
14681077 |
| 008 |
100708r20102007inuab 001 0 eng d |
| 010 |
|
|
|a 2006103094
|
| 020 |
|
|
|a 8126512067
|
| 020 |
|
|
|a 9788126512065
|
| 020 |
|
|
|a 9780470109496 (paper/website)
|
| 020 |
|
|
|a 0470109491 (paper/website)
|
| 040 |
|
|
|a DLC
|c DLC
|d UKM
|d BAKER
|d BTCTA
|d C#P
|d YDXCP
|d MUQ
|d TSU
|d DLC
|d BD-DhAAL
|
| 082 |
0 |
0 |
|a 005.13/3
|2 22
|
| 100 |
1 |
|
|a Zakas, Nicholas C.
|
| 245 |
1 |
0 |
|a Professional Ajax /
|c Nicholas C. Zakas, Jeremy McPeak, Joe Fawcett.
|
| 250 |
|
|
|a 2nd ed.
|
| 260 |
|
|
|a Indianapolis, IN ;
|a NewDelhi :
|b Wiley,
|c c2007.[Reprinted2010]
|
| 300 |
|
|
|a xx, 598 p. :
|b ill., maps ;
|c 24 cm.
|
| 490 |
0 |
|
|a Wrox professional guides
|
| 500 |
|
|
|a "Programmer to programmer"--Cover.
|
| 500 |
|
|
|a Includes index.
|
| 541 |
1 |
|
|e 00020653
|
| 650 |
|
0 |
|a Ajax (Web site development technology)
|
| 650 |
|
0 |
|a Web sites
|x Authoring programs.
|
| 650 |
|
0 |
|a JavaScript (Computer program language)
|
| 650 |
|
0 |
|a Asynchronous transfer mode.
|
| 650 |
|
0 |
|a World Wide Web.
|
| 700 |
1 |
|
|a McPeak, Jeremy,
|d 1979-
|
| 700 |
1 |
|
|a Fawcett, Joe,
|d 1962-
|
| 852 |
4 |
|
|a Ayesha Abed Library
|j General shelf
|
| 999 |
|
|
|c 9322
|d 9322
|
| 952 |
|
|
|0 0
|1 0
|2 ddc
|4 0
|6 005_133000000000000_ZAK_2010
|7 0
|9 11868
|a BRACUL
|b BRACUL
|c GEN
|d 2010-09-20
|l 4
|m 27
|o 005.133 ZAK
|p 3010020653
|r 2016-03-06
|s 2016-02-27
|t 1
|w 2010-09-20
|y BK
|